000 00229nam a2200097Ia 4500
008 240331s9999 xx 000 0 und d
082 _bBEY
100 _aLogo. ed
245 0 _aBeyond ethnic conflict....? :
_bIn Sri Lanka
942 _cL
999 _c1985
_d1985